01587nam a22002537a 4500001001000000003001100010005001700021008004100038040001300079041000800092050002300100245005600123260008900179260003900268300004800307490002400355500002400379500005900403500009100462500024600553520043400799600007301233650002701306BRCA_9221FranzMayer20220809140233.0220726b |||||||| |||| 00| 0 eng d bspacMFM aspa aND813.C5bP45 202000aPelegrín Clavé : bOrigen y sentido (1811-1880) aMéxico : bInstituto Nacional de Bellas Artes / Museo Nacional de San Carlosc2020 aMéxico : bMuseo Arocena, c2020 a232 p. : bil., fot., grab. ; c24 x 31 cm. aMuseos y galerías aUbicación: L59-N5 aIncluye imagen de pieza del Museo Franz Mayer (p. 119) aIncluye imágenes de Colección privada comodato en Museo Franz Mayer (pp. 146, 149) aCatálogo que documenta la investigación realizada para la exposición "Pelegrín Clavé. Origen y sentido (1811-1880)", presentada en el Museo Nacional de San Carlos en la Ciudad de México (15 de noviembre 2019 al 29 de marzo 2020). aTanto la exposición como esta publicación que la acompaña, se dan a la tarea de ahondar en el papel de Pelegrín Clavé como responsable de la formación de grandes maestros de la pintura nacional, tales como José María Velasco (1840-1912), Santiago Rebull (1829-1902) o Felipe Santiago Gutiérrez (1824-1904). - Dra. Lucía Jiménez López, Directora general del Instituto Nacional de Bellas Artes y Literatura. aClavé, Pelegrín,‏ ‎d1810-1880vExposicionesxHistoriaxArte aArtexPinturaxBocetos